| 000 | 00465nam a2200193Ia 4500 | ||
|---|---|---|---|
| 005 | 20240823023020.0 | ||
| 008 | 240823s9999||||xx |||||||||||||| ||und|| | ||
| 020 | _a978 81 7371 581 5 | ||
| 041 | _aENGLISH | ||
| 082 | _A658.8342 P7 | ||
| 100 | _aSri Ram Khanna et al. | ||
| 245 | 0 | _aConsumer Affairs | |
| 250 | _a1st | ||
| 260 |
_c2007 _bUniversities Press Hyd |
||
| 500 | _aYES | ||
| 650 |
_aConsumer _bManagement Studies |
||
| 942 | _cBK | ||
| 999 |
_c180545 _d180545 |
||